书目信息 |
| 题名: |
信息管理与信息系统
|
|
| 作者: | 刘翔 著 | |
| 分册: | ||
| 出版信息: | 北京 清华大学出版社 2013 |
|
| 页数: | 250页 | |
| 开本: | 26cm | |
| 丛书名: | ||
| 单 册: | ||
| 中图分类: | G203 , G202 | |
| 科图分类: | ||
| 主题词: | 信息管理--高等学校--教材 , 信息系统--高等学校--教材 , 信息系统 , 信息管理 | |
| 电子资源: | ||
| ISBN: | 978-7-302-32794-3 | |
| 000 | 01200nam0 2200277 450 | |
| 001 | 138951 | |
| 005 | 20140903083001.45 | |
| 010 | @a978-7-302-32794-3@dCNY 29.00 | |
| 100 | @a20130912d2013 em y0chiy50 ea | |
| 101 | 0 | @achi |
| 102 | @aCN@b110000 | |
| 105 | @ay z 000yy | |
| 200 | 1 | @a信息管理与信息系统@Axin xi guan li yu xin xi xi tong@b专著@f刘翔著 |
| 210 | @a北京@c清华大学出版社@d2013 | |
| 215 | @a250页@d26cm | |
| 300 | @a21世纪高等学校规划教材 | |
| 330 | @a本书继承传统信息管理与信息系统理论,提出了新数据论及信息新概念,并用新数据论及信息新概念对传统信息管理与信息系统理论进行重构,系统介绍了信息管理与信息系统原理与应用,阐述了信息管理的内容、特征、信息的交流传递、信息分布、信息获取、信息组织、信息检索、信息服务等方面的内容。论述了信息系统的规划、分析、设计、实现和维护,以及利用信息系统向企业管理、电子商务等提供信息服务业务的方法等问题。其中,系统实现任务包括物质数据模型实现与意识数据模型实现。 | |
| 606 | 0 | @a信息管理@x高等学校@j教材 |
| 606 | 0 | @a信息系统@x高等学校@j教材 |
| 606 | 0 | @a信息系统 |
| 606 | 0 | @a信息管理 |
| 690 | @aG203@v5 | |
| 690 | @aG202@v5 | |
| 701 | 0 | @a刘翔@Aliu xiang@c(信息管理)@4著 |
| 801 | 0 | @aCN@bZL@c20140903 |
| 905 | @a241430@dG203@eL692 | |
| 信息管理与信息系统/刘翔著.-北京:清华大学出版社,2013 |
| 250页;26cm |
| 21世纪高等学校规划教材 |
| ISBN 978-7-302-32794-3:CNY 29.00 |
| 本书继承传统信息管理与信息系统理论,提出了新数据论及信息新概念,并用新数据论及信息新概念对传统信息管理与信息系统理论进行重构,系统介绍了信息管理与信息系统原理与应用,阐述了信息管理的内容、特征、信息的交流传递、信息分布、信息获取、信息组织、信息检索、信息服务等方面的内容。论述了信息系统的规划、分析、设计、实现和维护,以及利用信息系统向企业管理、电子商务等提供信息服务业务的方法等问题。其中,系统实现任务包括物质数据模型实现与意识数据模型实现。 |
| ● |
| 相关链接 |
|
|
|
正题名:信息管理与信息系统
索取号:G203/L692
 
预约/预借
| 序号 | 登录号 | 条形码 | 馆藏地/架位号 | 状态 | 备注 |
| 1 | 0828182 | 208281820 | 社科库409/409社科库 57排1列5层/ [索取号:G203/L692] | 在馆 | |
| 2 | 0828183 | 208281839 | 社科库409/409社科库 57排1列5层/ [索取号:G203/L692] | 在馆 | |
| 3 | 0828184 | 208281848 | 社科库409/409社科库 57排1列5层/ [索取号:G203/L692] | 在馆 |